| 000 | 00846nam a22001815i 4500 | ||
|---|---|---|---|
| 001 | 173011 | ||
| 003 | ES-MaACL | ||
| 005 | 20251004063220.0 | ||
| 008 | 091005s1868 sp |||| | spa d | ||
| 080 | _a821.134.2-2"18" | ||
| 100 | 1 |
_aAlvarez, Emilio, _d1833-1900 _9141445 |
|
| 245 | 1 | 3 |
_aLa buena causa _b: (episodio de la acción dn Alcolea) : drama en un acto, en verso / _coriginal de Emilio Alvarez. |
| 260 |
_aMadrid : _b[s.n.], _c1868 ( _fImp. de José Rodríguez) |
||
| 300 |
_a30 p. ; _c18 cm. |
||
| 500 | _aEn port.: Representado por primera vez con extraordinario aplauso en el teatro de la Zarzuela el día 10 de noviembre de 1868. | ||
| 852 |
_aES-MaACL _jF-8603(3) _q.- Falto de la cub. original _z.- Enc. en vol. facticio formando parte de la col. facticia "Teatro español moderno", vol. 56 |
||
| 999 |
_c173011 _d173011 |
||